000 01592namaa22003131i 4500
003 EG-GICUC
005 20260217143445.0
008 260217s1993 le ||||jr|||| 001 0 ara d
040 _aEG-GiCUC
_bara
_cEG-GiCUC
_dEG-GiCUC
_erda
082 0 4 _221
_a234.6
_bH154
092 0 4 _221
_a234.6
_bH154
099 _a234.6 H154 1993
100 1 _aابن حجر العسقلاني، أحمد بن علي،
_d1372-1449
_eمؤلف.
245 1 _aتهذيب التهذيب /
_cللامام الحافظ الحجة شيخ الاسلام شهاب الدين ابى الفضل احمد بن حجر العسقلانى
250 _aالطبعة الثانية، طبعة محققة ومصححة
264 _aبيروت (لبنان) :
_bدار إحياء التراث العربى،
_c1993
300 _a؛ 6 مجلدات
_c24 سم
_bإيضاحيات، صور، مثيليات ؛ Illustrations
336 _2rdacontent
_atext
337 _2rdamedia
_aUnmediated
338 _2rdacarrier
_avolume
504 _aيشتمل على ارجاعات ببليوجرافية
505 _aالمجلد الاول. احمد- حكيم -- المجلد الثانى .حماد-ضميرة --المجلد الثالث. طارق-عبدة -- المجلد الخامس. محمد-نيار -- المجلد السادس. هارون-الكنى
541 _aد. جابر عصفور ؛
_bالقاهرة ؛
_cإهداء ؛
_d2024.
650 1 7 _aالحديث
_xتراجم الرواة
_2qrmak
650 1 7 _aطبقات رواة الحديث وحفاظه
_2qrmak
651 1 _2qrmak
905 _aHuda
942 _2ddc
_cBK
_e21
_n0
999 _c178576
_d178576